000 01729nam a22002537i 4500
999 _c23645
_d23645
003 AR-CdUCM
008 260427b20212021 pe||||| |||| 00| 0 spa d
020 _a978-9972-57-463-4
040 _aMUNICIPALIDAD PROVINCIAL DEL CUSCO
_cBIBLIOTECA MUNICIPAL DEL CUSCO
041 _hspa
082 _a338.644
_bH
245 _a(Editores académicos) Llunch, Andres - Monsalve Zanatti, Martin - Bucheli, Marcelo
300 _a335 páginas. :
_c23x17 cm.
505 _aHistoria empresarial de Latina -- Relevancia y originalidad del libro -- Empresas familiares -- Economía global -- Desintegración de la economía global -- La nueva Economía global -- Agroindustrias y servicios -- Negocio en el periodo colonial
650 _aEconomía global
_911287
650 _aExportación
_952731
650 _aMultinacionales extranjeras
_952732
700 _aLluch, Andrea
_952733
700 _aMonsalve Sanate, Matin
_952734
700 _aBucheli
_952735
700 _a(Editores académicos)
_952736
942 _2ddc
_cLIBROS
945 _apbjr
_d27-04-2026